LEADER 00766nab a2200145 i 4500 001 000000272157 003 CaOOAMICUS 005 20091211000000.0 008 091211n xx uu u0 0und r 013 $a19589 040 $aSeMil$bita 245 10$aTempo di Natale :$bSanta Famiglia, Madre di Dio, Epifania del Signore, Battesimo di Gesł. - 32 p. ; 24 cm. - (Ascolto e Annuncio ; Anno C, 2). - Titolo dalla prima pagina. 500 $a6 dicembre 2009 - Supplemento. 773 0 $t[2009 : Luglio-Dicembre].$dBologna : Centro Editoriale Dehoniano, 2009.$w()180547 996 $6245$aTempo di Natale :$bSanta Famiglia, Madre di Dio, Epifania del Signore, Battesimo di Gesł. - 32 p. ; 24 cm. - (Ascolto e Annuncio ; Anno C, 2). - Titolo dalla prima pagina.$9(OLS)http://semarc/title/360189 LEADER 01150nam a2200265 i 4500 001 000000112912 003 CaOOAMICUS 005 20030306000000.0 008 030306s1984 it u000 u ita u 013 $a85596 040 $aSeMil$bita 100 1 $aHurnard, Hannah.$0(OLS)http://semarc/name/44614 240 14$aThe Mountains of spices.$0(OLS)http://semarc/title/164708 245 13$aLe montagne delle spezie :$bdalle Alte Vette Qualcuno ci guida : la continuazione di "Piedi di cerva sulle Alte Vette /$cHannah Hurnard. 250 $a3. ed. 260 $aTorino :$bGribaudi,$c1984. 300 $a169 p. ;$c19 cm. 500 $aFondo Card. C.M. Martini. 650 4$aVita cristiana - Meditazioni.$0(OLS)http://semarc/subject/1353 850 $aSeMil 852 $aSeMil$W1$xVenegono$y1$m3F I 268$j68629$B68629$CSeMilBibl$Z2$F97780 $81 941 1 $a4 961 $aOmaggio: Martini Card. Carlo Maria 996 $6245$aLe montagne delle spezie :$bdalle Alte Vette Qualcuno ci guida : la continuazione di "Piedi di cerva sulle Alte Vette$9(OLS)http://semarc/title/164707 996 $6260$aTorino :$bGribaudi$9(OLS)http://semarc/publisher/31540